| 000 | 00674nam a22002177a 4500 | ||
|---|---|---|---|
| 003 | OSt | ||
| 005 | 20260312050115.0 | ||
| 008 | 260312b |||||||| |||| 00| 0 eng d | ||
| 020 | _a971-12-0256-5. | ||
| 040 |
_aDWCL Main lib _cOC |
||
| 082 |
_25th ed. _aFil. 657.046 M516a 2006 |
||
| 100 | _aMejorada, Nenita D. | ||
| 245 |
_aAdvanced accounting part 1 _cNenita D. Mejorada |
||
| 250 | _a5th ed. | ||
| 260 |
_aMakati City : _bGoodwill Trading Co., Inc., _cc2006. |
||
| 300 |
_alx, 297 p. ; _c25 cm. |
||
| 504 | _aIncludes references. | ||
| 650 | _a1. Accounting-Law and legislation-Philippines. | ||
| 650 | _a2. Accounting. | ||
| 942 |
_2ddc _cBK - FIL _e5th ed. _kFil. _n0 |
||
| 999 |
_c9014 _d9014 |
||